| 000 | 00920nam a22002417a 4500 | ||
|---|---|---|---|
| 999 |
_c65536 _d65536 |
||
| 005 | 20240530110829.0 | ||
| 008 | 190903s2007 ua a g b 000 0 ara d | ||
| 017 |
_a2006/10053 _bمصر. دار الكتب |
||
| 020 | _a9772934485 | ||
| 040 |
_aEG-CaGPL _cEG-CaGPL |
||
| 082 | 0 | 4 |
_221 _a251.12 \ _bع ر |
| 100 | 0 | _aعبدالحكيم عبداللطيف احمد الصعيدى | |
| 245 | 1 | 2 |
_aالروضة البهية فى خدمة السنة النبوية / _cعبدالحكيم عبداللطيف احمد الصعيدى |
| 250 | _aط.1 | ||
| 260 |
_aالقاهرة : _bمكتبة الدار العربية للكتاب، _c2007 |
||
| 300 |
_a191 ص. ؛ _c24 سم. |
||
| 650 | 0 | 7 |
_2qrmak _aالسيرة النبوية |
| 650 | 0 | 7 | _aالصحابة والتابعون |
| 650 | 0 | 7 |
_aالسنة النبوية _2qrmak |
| 651 | _2qrmak | ||
| 942 |
_2ddc _cBK |
||